A comparative study of sutures, staples and glue in skin closure undergoing inguinal Surgery (Record no. 26514)

MARC details
000 -LEADER
fixed length control field 00367nam a22001457a 4500
003 - CONTROL NUMBER IDENTIFIER
control field SGT
082 ## - DEWEY DECIMAL CLASSIFICATION NUMBER
Classification number 617
Item number C22D
100 ## - MAIN ENTRY--PERSONAL NAME
Personal name DHARMENDRA
245 ## - TITLE STATEMENT
Title A comparative study of sutures, staples and glue in skin closure undergoing inguinal Surgery
260 ## - PUBLICATION, DISTRIBUTION, ETC. (IMPRINT)
Place of publication, distribution, etc GURUGRAM
Name of publisher, distributor, etc SGT UNIVERSITY
Year of Publication 2022
300 ## - PAGE DESCRIPTION
No. of Pages 72
650 ## - SUBJECT ADDED ENTRY--TOPICAL TERM
Topical term or geographic name as entry element SURGERY
653 ## - KEYWORDS--INDEX TERM
Keyword term M.S
942 ## - ADDED ENTRY ELEMENTS (KOHA)
Source of classification or shelving scheme Dewey Decimal Classification
Koha item type Thesis/Dissertation
Holdings
Withdrawn status Lost status Source of classification or shelving scheme Damaged status Not for loan Collection code Home library Current library Shelving location Date acquired Total Checkouts Full call number Accession No. (Barcode) Date last seen Bill Date Koha item type
    Dewey Decimal Classification   Not For Loan MEDICAL SGT Medical Library SGT Medical Library Reference Book 25/06/2024   617 C22D DT1727 25/06/2024 25/06/2024 Thesis/Dissertation
    Dewey Decimal Classification   Not For Loan MEDICAL SGT Medical Library SGT Medical Library Reference Book 25/06/2024   617 C22D DT1728 25/06/2024 25/06/2024 Thesis/Dissertation